| 000 | 00938nab a2200253 u 4500 | ||
|---|---|---|---|
| 001 | 19293 | ||
| 003 | HDC | ||
| 007 | cr bn ---aaaaa | ||
| 008 | 210228c20091120xx dr|noo 0 a eng d | ||
| 040 | _aHDC | ||
| 245 | 0 | _aPrime Minister John Key has highlighted opportunities for New Zealand to boost its trade in halal-certified food products going to markets such as Malaysia | |
| 260 |
_a[No place] : _b[publisher not identified], _c2009 |
||
| 300 | _a1 online resource | ||
| 336 |
_atext _2rdacontent |
||
| 337 |
_acomputer _2rdamedia |
||
| 338 |
_aonline resource _2rdacarrier |
||
| 650 |
_aHalal food products _92437 |
||
| 650 |
_aTrade in halal-certified _917762 |
||
| 710 | _aHalal Focus | ||
| 856 | _zRequest full-text at [email protected] | ||
| 942 | _2lcc | ||
| 942 | _cNEWS | ||
| 942 | _kNWSO 006210 | ||
| 999 |
_c16609 _d16609 |
||